000 00541nam a2200205Ia 4500
003 OSt
005 20220926043822.0
006 a|||||r|||| 00| 0
007 ta
008 220923b |||||||| |||| 00| 0 eng d
037 _cGeneral Book
040 _aRTL
_cRTL
_beng
041 _2eng
_aeng
082 _aY12.73.N5, J3;1
100 _aKyrk Hazel
_9347425
245 0 _aFamily in the American economy
650 _aFamily Sociology
942 _hY12.73.N5, J3;1
_cGB
_2CC
999 _c673271
_d673271